| 000 | 00533nam a22002057a 4500 | ||
|---|---|---|---|
| 003 | OSt | ||
| 005 | 20171129140328.0 | ||
| 008 | 140716b xxu||||| |||| 00| 0 eng d | ||
| 020 | _a9780340983546 | ||
| 040 | _cDNLM | ||
| 082 | _aWP100 G997a 2011 | ||
| 100 |
_aEdited by Monga, Ash; Dobbs, Stephen _9635 |
||
| 245 | _aGynaecology by Ten Teachers | ||
| 250 | _a19th ed. | ||
| 260 |
_aLondon; _bBookpower, _c2011 |
||
| 300 |
_aix,206p; _bcol.ill: _c24cm |
||
| 504 | _aIndex included | ||
| 650 |
_aGynaecology _9330 |
||
| 942 |
_2z _cB_BANK |
||
| 999 |
_c239 _d239 |
||